000 00486nam a2200181Ia 4500
008 240729s9999 xx 000 0 und d
022 _a2010-1368
245 0 _aJournal of Advanced Dielectrics
260 _aSingapore
260 _bWorld Scientific Publishing
650 _a Electricity
650 _a Electricity and magnetism
650 _a Physics
650 _aScience
856 _uhttps://doaj.org/toc/0470e9eaa07640fd92a698010edf9573
942 _2ddc
942 _cDOAJEJ
999 _c66024
_d66024
945 _a1
_bMadushi Gamage
_c1
_dMadushi Gamage